000 00716nam a2200289Ia 4500
005 20260324131021.0
008 008 260324s9999 xx 000 0 eng d
020 _a9780203966495
037 _aEBOOK
040 _aCRL
040 _beng
040 _cCRL
041 _2eng
041 _aeng
084 _qCRL
100 _aNicola Di Cosmo
_91183901
245 4 _aThe Diary of a Manchu Soldier in Seventeenth-Century China
245 0 _b"My Service in the Army", by Dzengseo
260 _bTaylor and Francis
260 _c2006
365 _a
365 _b240
856 _uhttp://www.taylorfrancis.com/books/9780203966495
942 _cEBOOK
999 _c1780693
_d1780693